000 01167cam a22002295a 4500
001 L157808
008 130528s2013 xxk f 000 0 eng d
035 _a(Sirsi) u157808
041 0 _aeng
110 2 _aUnited Kingdom
_bHM Government
_95056
245 0 4 _aThe state of the Estate in 2012
_h[electronic resource]
260 _aLondon
_bHM Government
_c2013
520 _aReports on progress made in 2012 to improve the efficiency and sustainability of the Government's Civil Estate as required under the Climate Change Act 2008. Looks at the size of the estate, occupancy and running costs and examines a number of initiatives in place to reduce the size of the Estate. Lists the size of property and occupancy costs by each Government Department in 2011 and 2013
590 _aKA
650 2 4 _aCLIMATE CHANGE ACT 2008
651 4 _aUnited Kingdom
_y
690 _aCommercial property
_96227
690 _aSustainability
_96271
690 _aFacilities management
_96240
856 4 0 _uhttps://www.gov.uk/government/uploads/system/uploads/attachment_data/file/200448/SOFTE2012_final.pdf
_zView the item free of charge from the www.gov.uk website
942 _n0
999 _c114978
_d114978